000 00918nam a2200277 i 4500
001 C2-0329397
003 PPAK
005 20180728130456.0
008 141217s2008 my a|||| ||||| | may d
020 _a9789835936173
040 _aPPAK
_beng
_cPPAK
_erda
082 0 4 _a899.233
_223
090 0 0 _a899.233
_bOMA
_dK
100 0 _aOmar Mamat,
_eauthor
245 1 0 _aKembali ke bumi tercinta
264 1 _aPutrajaya :
_bMajlis Buku Kebangsaan Malaysia ,
_c2008
300 _a28 pages :
_bcolour illustrations ;
_c28 cm
336 _2rdacontent
_atext
337 _2rdamedia
_aunmediated
338 _2rdacarrier
_avolume
490 1 _aSiri adaptasi daripada sejarah Melayu zaman pascakegemilangan Melaka
500 _aIncludes glossary
650 1 0 _aChildren's stories, Malay. ; Historical fiction, Malay.
830 0 _aSiri adaptasi daripada sejarah Melayu zaman pascakegemilangan Melaka
942 _ddc
_cB
999 _c128634
_d128634